LEADER 00480nam 2200181z- 450 001 9910557752003321 035 $a(CKB)5400000000045821 035 $a(EXLCZ)995400000000045821 100 $a20220406c2021uuuu -u- - 101 0 $aeng 200 10$aCreativity : A Force to Innovation 210 $cIntechOpen 311 $a1-83881-042-0 517 $aCreativity 906 $aBOOK 912 $a9910557752003321 996 $aCreativity : A Force to Innovation$92825221 997 $aUNINA LEADER 02113nam 2200577 450 001 9910811493503321 005 20230607221806.0 010 $a1-282-52809-2 010 $a9786612528095 010 $a0-85771-077-X 010 $a600-00-0617-9 010 $a1-4175-4244-6 035 $a(CKB)1000000000445496 035 $a(EBL)676760 035 $a(OCoLC)710975664 035 $a(SSID)ssj0000109647 035 $a(PQKBManifestationID)11999624 035 $a(PQKBTitleCode)TC0000109647 035 $a(PQKBWorkID)10047658 035 $a(PQKB)11673586 035 $a(MiAaPQ)EBC676760 035 $a(Au-PeEL)EBL676760 035 $a(CaONFJC)MIL252809 035 $a(EXLCZ)991000000000445496 100 $a20220517d2001 uy 0 101 0 $aeng 135 $aur|n|---||||| 181 $ctxt 182 $cc 183 $acr 200 10$aBed and sofa $ethe film companion /$fJulian Graffy 205 $a1st ed. 210 1$aLondon :$cI.B.Tauris & Co. Ltd.,$d2001. 215 $a1 online resource (136 p.) 225 1 $aKINOfiles Film Companion 300 $aDescription based upon print version of record. 311 $a1-86064-503-8 327 $aCover; Contents; Illustrations; Acknowledgements; Production Credits; Note on Transliteration and Dates; 1. Introduction: Before Bed and Sofa; 2. Bed and Sofa: An Analysis; 3. After Bed and Sofa: The Reception of the Film and the Fate of Its Themes; Further Reading 330 $aAbram Room's daring 1927 film is the story of a me?nage a? trois - one woman, two men - set in a 1920s Moscow flat. Remarkable for its frankness, humour and corrosive assessment of the new Soviet society, Bed and Sofa has found new and enthusiastic audiences in recent years. 410 0$aKINOfiles film companions. 606 $aMotion pictures$zRussia (Federation) 615 0$aMotion pictures 676 $a791.430947 700 $aGraffy$b Julian$01681980 801 0$bMiAaPQ 801 1$bMiAaPQ 801 2$bMiAaPQ 906 $aBOOK 912 $a9910811493503321 996 $aBed and sofa$94051754 997 $aUNINA LEADER 01861nam 2200565 450 001 9910812832803321 005 20230120085556.0 010 $a1-61002-173-8 035 $a(CKB)3710000001080829 035 $a(Au-PeEL)EBL4811054 035 $a(CaPaEBR)ebr11350628 035 $a(CaONFJC)MIL994852 035 $a(OCoLC)974584169 035 $a(MiAaPQ)EBC4811054 035 $a(MiAaPQ)EBC5637106 035 $a(EXLCZ)993710000001080829 100 $a20170309h20172017 uy 0 101 0 $aeng 135 $aurcnu|||||||| 181 $2rdacontent 182 $2rdamedia 183 $2rdacarrier 200 00$aBright futures $eguidelines for health supervision of infants, children, and adolescents /$feditors, Joseph F. Hagan, Jr., Judith S. Shaw, Paula M. Duncan 205 $aFourth edition. 210 1$a[Elk Grove Village, Illinois] :$cAmerican Academy of Pediatrics,$d2017. 210 4$dİ2017 215 $a1 online resource (890 pages) $cillustrations, photographs 300 $aIncludes index. 311 $a1-61002-022-7 311 $a1-61002-023-5 606 $aPreventive health services for children 606 $aPreventive health services for teenagers 606 $aHealth promotion 615 0$aPreventive health services for children. 615 0$aPreventive health services for teenagers. 615 0$aHealth promotion. 676 $a362.19892 702 $aHagan$b Joseph F. 702 $aShaw$b Judith S. 702 $aDuncan$b Paula M. 712 02$aUnited States.$bDepartment of Health and Human Services, 712 02$aHealth Resources and Services Administration, 712 02$aMaternal and Child Health Bureau, 801 0$bMiAaPQ 801 1$bMiAaPQ 801 2$bMiAaPQ 906 $aBOOK 912 $a9910812832803321 996 $aBright futures$92756071 997 $aUNINA